<?xml version="1.0" encoding="UTF-8"?>
<record
    xmlns:xsi="http://www.w3.org/2001/XMLSchema-instance"
    xsi:schemaLocation="http://www.loc.gov/MARC21/slim http://www.loc.gov/standards/marcxml/schema/MARC21slim.xsd"
    xmlns="http://www.loc.gov/MARC21/slim">

  <leader>00543nam a22001697a 4500</leader>
  <controlfield tag="003">PILC</controlfield>
  <controlfield tag="005">20150112093425.0</controlfield>
  <controlfield tag="008">130221t        xxu||||| |||| 00| 0 eng d</controlfield>
  <datafield tag="020" ind1=" " ind2=" ">
    <subfield code="a">9719213701</subfield>
  </datafield>
  <datafield tag="050" ind1=" " ind2=" ">
    <subfield code="a">TX 911</subfield>
    <subfield code="b">.R744 1999 </subfield>
  </datafield>
  <datafield tag="082" ind1=" " ind2=" ">
    <subfield code="a">HSFf 647.94</subfield>
    <subfield code="b">R64 1999</subfield>
  </datafield>
  <datafield tag="100" ind1=" " ind2=" ">
    <subfield code="a">Roldan, Amelia Samson.</subfield>
    <subfield code="9">12393</subfield>
  </datafield>
  <datafield tag="245" ind1=" " ind2=" ">
    <subfield code="a">Operating and managing a hotel and restaurant business /</subfield>
    <subfield code="c">Amelia Samson Roldan</subfield>
  </datafield>
  <datafield tag="260" ind1=" " ind2=" ">
    <subfield code="a">Para&#xF1;aque</subfield>
    <subfield code="b">AR Skills Development and Management Services</subfield>
    <subfield code="c">1999.</subfield>
  </datafield>
  <datafield tag="300" ind1=" " ind2=" ">
    <subfield code="a">285 pages : </subfield>
    <subfield code="b">ill. </subfield>
    <subfield code="c">26 cm.</subfield>
  </datafield>
  <datafield tag="942" ind1=" " ind2=" ">
    <subfield code="2">lcc</subfield>
    <subfield code="c">BK</subfield>
  </datafield>
  <datafield tag="999" ind1=" " ind2=" ">
    <subfield code="c">1871</subfield>
    <subfield code="d">1871</subfield>
  </datafield>
  <datafield tag="952" ind1=" " ind2=" ">
    <subfield code="0">0</subfield>
    <subfield code="1">0</subfield>
    <subfield code="2">lcc</subfield>
    <subfield code="4">0</subfield>
    <subfield code="a">SFU</subfield>
    <subfield code="b">SFU</subfield>
    <subfield code="c">SFU</subfield>
    <subfield code="d">2013-02-21</subfield>
    <subfield code="l">1</subfield>
    <subfield code="m">7</subfield>
    <subfield code="o">TX 911 .R744 1999</subfield>
    <subfield code="p">SFU1323</subfield>
    <subfield code="r">2018-05-15 00:00:00</subfield>
    <subfield code="s">2014-03-22</subfield>
    <subfield code="t">1</subfield>
    <subfield code="w">2013-10-03</subfield>
    <subfield code="y">BK</subfield>
  </datafield>
</record>
